| 000 | 00634cab a2200217 4500 | ||
|---|---|---|---|
| 001 | WB3032-06 | ||
| 008 | 090401t1994 xxu||||| |||| 00| 0 eng d | ||
| 035 | _a(Sirsi) u36610 | ||
| 041 | _aeng | ||
| 245 | _aDouble glazing leads home improvements | ||
| 260 | _c1994 | ||
| 350 | _a0 | ||
| 490 |
_aBirmingham Post _v26 August 1994, 14(1) |
||
| 520 | _aAccording to a Halifax Building Society`s regional home improvement survey, double glazing is the most popular. | ||
| 650 | _aDOUBLE GLAZING | ||
| 650 | _aHOME IMPROVEMENTS | ||
| 650 | _aREGIONAL TRENDS | ||
| 690 | _aBUILT ENVIRONMENT | ||
| 942 | _n0 | ||
| 948 | _c04/03/1997 | ||
| 999 |
_c23721 _d23721 |
||